000 00656nam a2200253Ia 4500
005 20251020182511.0
008 200515s9999 xx 000 0 und d
020 _a978-612-304-163-2
082 _a65.919/C26/2014
100 _aCarranza Zavala, Óscar
245 0 _aUna nueva experiencia con AutoCad 2014
250 _a1a ed.
260 _aLima
260 _bMacro E.I.R.L.
260 _c2013
300 _a862 p.
300 _bil., tbl., graf.
490 _aDiseño y Desarrollo de Proyectos para Ingenieros
500 _a1 ejemplar
520 _aExperiencia actualizada con 2014
650 _aAUTOCAD
942 _cLIB
999 _c1430
_d1430